Name all Scrubs episodes - Statistics

General Stats
  • This quiz has been taken 276 times
    231 since last reset
  • The average score is 35 of 181
Answer Stats
Hint Answer % Correct
#1 My First Day
98%
#24 My Last Day
77%
#15 His Story
70%
#5 Her Story
64%
#18 His Story II
64%
#19 His Story III
61%
#6 My Musical
61%
#10 Her Story II
58%
#4 My Old Lady
56%
#17 Their Story
56%
#2 My Mentor
52%
#7 His Story IV
48%
#18 My Finale
48%
#20 My Lunch
48%
#22 My Best Friend's Wedding
44%
#6 My Bad
41%
#12 Their Story II
41%
#9 My Day Off
39%
#23 My Hero
38%
#1 My Overkill
36%
#18 My T.C.W.
36%
#3 My Best Friend's Mistake
34%
#21 My Fallen Idol
34%
#14 My Screw Up
34%
#19 My Old Man
33%
#15 My Bed Banter and Beyond
31%
#2 My Best Friend's Baby's Baby and My Baby's Baby
31%
#14 My Drug Buddy
31%
#10 My Monster
31%
#11 My Sex Buddy
31%
#17 My Student
31%
#5 My Two Dads
31%
#23 My Urologist
31%
#14 My Brother, My Keeper
30%
#6 My Cake
30%
#8 My Fifteen Minutes
30%
#1 My Intern's Eyes
30%
#11 My Own Personal Jesus
30%
#18 My Tuscaloosa Heart
30%
#9 My Half-Acre
28%
#1 My Own American Girl
28%
#10 My Nickname
27%
#2 My Nightingale
27%
#13 My Philosophy
27%
#21 My Sacrificial Clam
27%
#14 My Soul on Fire: Part 1
27%
#15 My Soul on Fire: Part 2
27%
#15 My Tormented Mentor
27%
#5 My ABC's
25%
#6 My Big Brother
25%
#12 My Blind Date
25%
#7 My Bad Too
23%
#5 My New God
23%
#1 My Old Friend's New Friend
23%
#13 My Balancing Act
22%
#16 My Butterfly
22%
#12 My Cabbage
22%
#22 My Déjà Vu, My Déjà Vu
22%
#4 My First Kill
22%
#17 My Own Private Practice Guy
22%
#7 My Super Ego
22%
#20 My Way or the Highway
22%
#13 Our Thanks
22%
#25 My Changing Ways
20%
#3 My Coffee
20%
#7 My Fifteen Seconds
20%
#8 My Lawyer's in Love
20%
#9 My Lucky Day
20%
#22 My Occurrence
20%
#13 My Porcelain God
20%
#5 My Brother, Where Art Thou?
19%
#3 My Case Study
19%
#9 My Dirty Secret
19%
#21 My Drama Queen
19%
#15 My Extra Mile
19%
#7 My First Step
19%
#8 My Fruit Cups
19%
#11 My Nah Nah Nah
19%
#5 My New Coat
19%
#2 My Office
19%
#11 My Princess
19%
#11 My Unicorn
19%
#16 My Cuz
17%
#20 My Fault
17%
#3 My Inconvenient Truth
17%
#16 My Karma
17%
#8 My Last Chance
17%
#17 My Life in Four Cameras
17%
#12 My New Old Friend
17%
#18 My New Suit
17%
#7 My Way Home
17%
#19 My Choosiest Choice of All
16%
#7 My Common Enemy
16%
#22 My Dream Job
16%
#13 My Five Stages
16%
#4 My House
16%
#4 My Jiggly Ball
16%
#2 My Journey
16%
#7 My New Role
16%
#1 My Own Worst Enemy
16%
#13 My Scrubs
16%
#3 My White Whale
16%
#8 Our Couples
16%
#12 My Best Moment
14%
#8 My Big Bird
14%
#4 My Big Mouth
14%
#10 My Comedy Show
14%
#13 My Full Moon
14%
#16 My Heavy Meddle
14%
#22 My Point of No Return
14%
#21 My Rabbit
14%
#8 My Friend the Doctor
13%
#8 My Manhood
13%
#13 My Ocardial Infarction
13%
#16 My Quarantine
13%
#6 My Cookie Pants
11%
#3 My Day at the Races
11%
#4 My Lucky Night
11%
#9 My Malpractice Decision
11%
#11 My Night to Remember
11%
#20 My Boss's Free Haircut
9%
#19 My Cold Shower
9%
#5 My Growing Pains
9%
#15 My Hypocritical Oath
9%
#2 My Last Words
9%
#15 My Long Goodbye
9%
#6 My Missed Perception
9%
#2 My Rite of Passage
9%
#1 Our First Day of School
9%
#17 My Chief Concern
8%
#24 My Drive-By
8%
#5 My Friend with Money
8%
#1 My Jerks
8%
#19 My Kingdom
8%
#24 My Transition
8%
#7 Our White Coats
8%
#6 My Advice to You
6%
#19 My Best Laid Plans
6%
#11 My Buddy's Booty
6%
#12 My Catalyst
6%
#4 My Identity Crisis
6%
#20 My Interpretation
6%
#14 My Lucky Charm
6%
#1 My Mirror Image
6%
#3 My New Game
6%
#6 My Number One Doctor
6%
#8 My Road to Nowhere
6%
#18 My Roommates
6%
#6 Our New Girl-Bro
6%
#16 My Bright Idea
5%
#17 My Chopped Liver
5%
#11 My Clean Break
5%
#20 My Conventional Wisdom
5%
#23 My Faith in Humanity
5%
#10 My Female Trouble
5%
#12 My Fishbowl
5%
#17 My Moment of Un-Truth
5%
#14 My Own Personal Hell
5%
#9 My Perspective
5%
#10 My Rule of Thumb
5%
#21 My Self-Examination
5%
#10 My Therapeutic Month
5%
#9 Our Stuff Gets Real
5%
#22 My Big Move
3%
#9 My Dumb Luck
3%
#4 My Happy Place
3%
#2 My Hard Labor
3%
#21 My Lips Are Sealed
3%
#14 My No Good Reason
3%
#3 My Saving Grace
3%
#10 My Waste of Time
3%
#11 Our Dear Leaders
3%
#2 Our Drunk Friend
3%
#4 Our Histories
3%
#5 Our Mysteries
3%
#9 My Absence
2%
#12 Our Driving Issues
2%
#18 My Turf War
0%
#16 My Words of Wisdom
0%
#3 Our Role Models
0%
#10 Our True Lies
0%
No matching quizzes found
Score Distribution
Percent of People with Each Score
Percentile by Number Answered
Your Score History
You have not taken this quiz since the last reset